Korean Nouns #3 - Statistics

General Stats
  • This quiz has been taken 8 times
  • The average score is 7 of 24
Answer Stats
Hint Answer % Correct
hand
63%
English 영어
63%
child 아이
63%
apple 사과
63%
money
63%
street/road 거리
50%
taste
50%
morning 아침
50%
street
38%
son 아들
38%
mother 어머니
38%
taxi 텍시
25%
husband 남편
25%
bus station 버스 정류장
13%
wife 아내
13%
daughter
13%
meal 식사
13%
breakfast 아침식사
13%
water
13%
train 열치
0%
train/subway
0%
airplane 비항기
0%
bicycle 차천거
0%
father 아버치
0%
No matching quizzes found
Score Distribution
Percent of People with Each Score
Percentile by Number Answered
Your Score History
You have not taken this quiz